000 00337 a2200145 4500
001 63832
020 _a9789693510164
082 _a891.4392 YOU
090 _c37751
_d37751
100 _aYounas Butt, M. Dr.
245 _aGharmastian [Urdu]
260 _aLahore
_bSange Meel
_c2008
300 _a231pp
650 _asatire humour
942 _aNUST-CAE
_k891.4392 YOU
999 _c298905
_d298905